000 00308nam a22001337a 4500
008 170225b xxu||||| |||| 00| 0 eng d
020 _a9780077308667
041 _aeng
080 _a617
100 _a5
101 _aSHK
245 _aDIFFERENTIATING SURGICAL INSTRUMENTS
_cRUTHERFORD, C.J
942 _2udc
_cBK
999 _c6239
_d6239